<?xml version="1.0" encoding="UTF-8"?><?xml-stylesheet type="text/xsl" href="static/style.xsl"?><OAI-PMH xmlns="http://www.openarchives.org/OAI/2.0/" xmlns:xsi="http://www.w3.org/2001/XMLSchema-instance" xsi:schemaLocation="http://www.openarchives.org/OAI/2.0/ http://www.openarchives.org/OAI/2.0/OAI-PMH.xsd"><responseDate>2026-04-28T19:40:19Z</responseDate><request verb="GetRecord" identifier="oai:uvadoc.uva.es:10324/7246" metadataPrefix="marc">https://uvadoc.uva.es/oai/request</request><GetRecord><record><header><identifier>oai:uvadoc.uva.es:10324/7246</identifier><datestamp>2021-06-29T10:09:07Z</datestamp><setSpec>com_10324_38</setSpec><setSpec>col_10324_852</setSpec></header><metadata><record xmlns="http://www.loc.gov/MARC21/slim" xmlns:doc="http://www.lyncode.com/xoai" xmlns:xsi="http://www.w3.org/2001/XMLSchema-instance" xmlns:dcterms="http://purl.org/dc/terms/" xsi:schemaLocation="http://www.loc.gov/MARC21/slim http://www.loc.gov/standards/marcxml/schema/MARC21slim.xsd">
<leader>00925njm 22002777a 4500</leader>
<datafield tag="042" ind1=" " ind2=" ">
<subfield code="a">dc</subfield>
</datafield>
<datafield tag="720" ind1=" " ind2=" ">
<subfield code="a">Gutiérrez Ormaechea, Laura</subfield>
<subfield code="e">author</subfield>
</datafield>
<datafield tag="260" ind1=" " ind2=" ">
<subfield code="c">2014</subfield>
</datafield>
<datafield tag="520" ind1=" " ind2=" ">
<subfield code="a">En el presente trabajo se realiza un estudio crítico del Estado de Flujos de Efectivo, para ello se toma como referencia una empresa en concreto, DIA S.A. (Distribuidora Internacional de Alimentación S.A.). Se comparará la empresa con EROSKI S.C. y de forma más genérica con el sector al que pertenece</subfield>
</datafield>
<datafield tag="024" ind2=" " ind1="8">
<subfield code="a">http://uvadoc.uva.es/handle/10324/7246</subfield>
</datafield>
<datafield ind1=" " ind2=" " tag="653">
<subfield code="a">DIA (Cadena de supermercados) - Contabilidad</subfield>
</datafield>
<datafield ind1=" " ind2=" " tag="653">
<subfield code="a">Contabilidad - Normas</subfield>
</datafield>
<datafield ind1=" " ind2=" " tag="653">
<subfield code="a">Supermercados - España</subfield>
</datafield>
<datafield tag="245" ind1="0" ind2="0">
<subfield code="a">Estado de flujos de efectivo. Estudio crítico. Distribuidora Internacional de Alimentación (DIA S.A.)</subfield>
</datafield>
</record></metadata></record></GetRecord></OAI-PMH>